|
|
|
|
| LEADER |
00000nab a2200000 ar4500 |
| 001 |
vtls010267292 |
| 003 |
SK-MaSNL |
| 005 |
20260304040842.0 |
| 008 |
110330c2011 xo mr|p|||||||000 b|slo |
| 015 |
|
|
|a SNBRB2011/03
|2 snsk
|
| 038 |
|
|
|a SNSK
|
| 040 |
|
|
|a SNSK
|b slo
|c SNSK
|e AACR2
|
| 041 |
|
|
|a slo
|
| 044 |
|
|
|a xo
|c SK
|
| 080 |
|
|
|a 504.4
|x (943)
|x (81)
|2 2001
|
| 080 |
|
|
|a 551.577.37
|2 2001
|
| 100 |
1 |
|
|a Turis, Juraj
|4 aut
|9 267882
|
| 245 |
1 |
0 |
|a Počasie sa zbláznilo
|b prírodné katastrofy sužujú svet
|c Juraj Turis
|
| 300 |
|
|
|b Fotogr.
|
| 650 |
0 |
7 |
|a prírodné katastrofy
|2 snsk
|9 3933
|
| 650 |
0 |
7 |
|a povodne
|2 snsk
|9 15273
|
| 650 |
0 |
7 |
|a monzúnové dažde
|2 snsk
|9 1322230
|
| 651 |
|
7 |
|a Queensland
|2 snsk
|9 118308
|
| 651 |
|
7 |
|a Austrália
|2 snsk
|9 16347
|
| 651 |
|
7 |
|a Brazília
|2 snsk
|9 28213
|
| 773 |
0 |
|
|t Život
|g Roč. 61, č. 4 (2011), s. 88-91
|x 0139-6323
|
| 852 |
|
|
|a SNSK
|b KIS3GCP
|
| 958 |
|
|
|a AU
|
| 958 |
|
|
|a BR
|
| 999 |
|
|
|c 2665313
|d 2667243
|